000 00852nam a2200253Ia 4500
003 OSt
005 20220923220742.0
006 a|||||r|||| 00| 0
007 ta
008 220922b |||||||| |||| 00| 0 hin d
024 _a189,960
037 _cTextual
040 _aARTS
_cARTS
_bhin
041 _2hin
_ahin
082 _aO152,2N48,EA, M0
100 _aतिवारी, सुरेन्द्र कुमार
_9162357
245 0 _aएक और राज
246 _aEk aur rāja
260 _aनई दिल्ली
_b अभिव्यंना प्रकाशन
_c1980
300 _a130पृ.
_ccm.
650 _aहिन्दी साहित्य
_9156264
942 _hO152,2N48,EA, M0
_cTEXL
_2CC
999 _c342771
_d342771